Top 10 Covid-19 getroffen landen - 30 april - Statistieken

Algemene statistieken
  • Deze quiz is 9 keer genomen
  • De gemiddelde score is 7 van 15
Antwoordstatistieken
land % Correct
Duitsland
89%
België
78%
Italië
78%
Verenigde Staten
78%
Verenigd Koninkrijk
78%
Frankrijk
67%
Rusland
67%
Spanje
67%
Brazilië
56%
Ierland
33%
Zwitserland
22%
Iran
11%
Turkije
11%
Qatar
0%
Singapore
0%
Geen overeenkomende quizzen gevonden
Scoreverdeling
Procent van Mensen met Elke Score
Percentiel versus Aantal Correcte Antwoorden
Uw Scoregeschiedenis
U heeft deze quiz nog niet genomen